| 000 | 00373nam a2200133Ia 4500 | ||
|---|---|---|---|
| 005 | 20260326100045.0 | ||
| 008 | 260326s9999||||xx |||||||||||||| ||und|| | ||
| 100 | _aBurchard, John | ||
| 245 | 0 |
_aLa Arquitectura en los Estados Unidos su influencia Social y Cultural / _cJohn Burchard |
|
| 260 | _bLetras | ||
| 300 | _a742 p. | ||
| 650 | _aARQUITECTURA REGIONAL | ||
| 942 | _cBK | ||
| 999 |
_c7151 _d7151 |
||